Southville International School and Colleges
Your cart is empty.
  • Cart
  • Lists
    Public lists Eva Luna New books Lux_list list_1
    Your lists Log in to create your own lists
  • Log in to your account
  • Your cookies
  • Search history
Southville International School and Colleges
  • Advanced search
  • Recent comments
  • Most popular
  • Libraries

Log in to your account

Log in with GOOGLE


If you do not have an external account, but do have a local account, you can still log in:

  1. Home
  2. MARC view: Micro spies :
Normal view MARC view ISBD view

Micro spies : (Record no. 33818)

[ view plain ]
MARC details
000 -LEADER
fixed length control field 01408cam a22003974a 4500
001 - CONTROL NUMBER
control field 14427992
003 - CONTROL NUMBER IDENTIFIER
control field OSt
005 - DATE AND TIME OF LATEST TRANSACTION
control field 20140310184340.0
008 - FIXED-LENGTH DATA ELEMENTS--GENERAL INFORMATION
fixed length control field 060626s2008 nyuab j b 001 0 eng
010 ## - LIBRARY OF CONGRESS CONTROL NUMBER
LC control number 2006021232
020 ## - INTERNATIONAL STANDARD BOOK NUMBER
International Standard Book Number 9780531120835 (hbk. lib bdg)
020 ## - INTERNATIONAL STANDARD BOOK NUMBER
International Standard Book Number 053112083X (hbk. lib bdg)
020 ## - INTERNATIONAL STANDARD BOOK NUMBER
International Standard Book Number 9780531175354 (pbk.)
020 ## - INTERNATIONAL STANDARD BOOK NUMBER
International Standard Book Number 0531175359 (pbk.)
040 ## - CATALOGING SOURCE
Original cataloging agency DLC
Transcribing agency DLC
Modifying agency DLC
050 00 - LIBRARY OF CONGRESS CALL NUMBER
Classification number UG 1242.R4
Item number .R83 2008
100 1# - MAIN ENTRY--PERSONAL NAME
Personal name Rudy, Lisa Jo.
9 (RLIN) 24001
245 10 - TITLE STATEMENT
Title Micro spies :
Remainder of title spy planes the size of birds! /
Statement of responsibility, etc Lisa Jo Rudy.
260 ## - PUBLICATION, DISTRIBUTION, ETC. (IMPRINT)
Place of publication, distribution, etc New York, NY:
Name of publisher, distributor, etc Franklin Watts,
Date of publication, distribution, etc 2008.
300 ## - PHYSICAL DESCRIPTION
Extent 64 p. :
Other physical details ill. : col. (maps) ;
Dimensions 24 cm.
440 #0 - SERIES STATEMENT/ADDED ENTRY--TITLE
Title 24/7, science behind the scenes
9 (RLIN) 23302
490 0# - SERIES STATEMENT
Series statement Spy files
504 ## - BIBLIOGRAPHY, ETC. NOTE
Bibliography, etc Includes bibliographical references and index.
521 ## - TARGET AUDIENCE NOTE
Target audience note
526 ## - STUDY PROGRAM INFORMATION NOTE
Reading level 780
650 #0 - SUBJECT ADDED ENTRY--TOPICAL TERM
Topical term or geographic name as entry element Micro air vehicles
Form subdivision Juvenile literature.
9 (RLIN) 24002
650 #0 - SUBJECT ADDED ENTRY--TOPICAL TERM
Topical term or geographic name as entry element Reconnaissance aircraft
Form subdivision Juvenile literature.
9 (RLIN) 24003
650 #0 - SUBJECT ADDED ENTRY--TOPICAL TERM
Topical term or geographic name as entry element Airplanes
General subdivision Models
Form subdivision Juvenile literature.
9 (RLIN) 24004
856 41 - ELECTRONIC LOCATION AND ACCESS
Materials specified Table of contents only
Uniform Resource Identifier <a href="http://www.loc.gov/catdir/toc/ecip0616/2006021232.html">http://www.loc.gov/catdir/toc/ecip0616/2006021232.html</a>
906 ## - LOCAL DATA ELEMENT F, LDF (RLIN)
a 7
b cbc
c orignew
d 1
e ecip
f 20
g y-gencatlg
942 ## - ADDED ENTRY ELEMENTS (KOHA)
Source of classification or shelving scheme Library of Congress Classification
Koha item type
Holdings
Withdrawn status Lost status Source of classification or shelving scheme Damaged status Home library Current library Shelving location Date acquired Total Checkouts Full call number Barcode Date last seen Copy number Price effective from Koha item type
    Library of Congress Classification   Luxembourg Library Luxembourg Library Scholastic Reading Center Section 10/07/2013   UG 1242.R4 .R83 2008 LEX1448 04/18/2017 1 10/07/2013 Books
    Library of Congress Classification   Luxembourg Library Luxembourg Library Scholastic Reading Center Section 10/07/2013   UG 1242.R4 .R83 2008 LEX1447 04/18/2017 2 10/07/2013 Books
    Library of Congress Classification   Luxembourg Library Luxembourg Library Scholastic Reading Center Section 10/16/2013   UG 1242.R4 .R83 2008 SCHO0418 04/18/2017 3 10/16/2013 Books

Micro spies :

APA

Rudy L. J., . (2008). Micro spies. New York, NY: Franklin Watts.

Chicago

Rudy Lisa Jo, . 2008. Micro spies. New York, NY: Franklin Watts.

Harvard

Rudy L. J., . (2008). Micro spies. New York, NY: Franklin Watts.

MLA

Rudy Lisa Jo, . Micro spies. New York, NY: Franklin Watts. 2008.

  • Place hold
  • Print
  • Cite
  • Add to your cart (remove)
  • Save record
    BIBTEX Dublin Core MARCXML MARC (non-Unicode/MARC-8) MARC (Unicode/UTF-8) MARC (Unicode/UTF-8, Standard) MODS (XML) RIS
  • More searches
    Search for this title in:
    Other Libraries (WorldCat) Other Databases (Google Scholar) Online Stores (Bookfinder.com) Open Library (openlibrary.org)

Exporting to Dublin Core...

SOUTHVILLE LIBRARY

Southville International School and Colleges Library

1281 Tropical Ave. Cor. Luxembourg St., BF Homes International, Las Pinas City

Tel. No. 8256374 / 252358 Loc. 117/146

Powered by Koha